[Event "?"]
[Site "ICS Rated blitz match, 192.23"]
[Date "1997.??.??"]
[Round "?"]
[White "Brause"]
[Black "humanoid"]
[Result "0-1"]
[WhiteElo "2500"]
[BlackElo "2370"]
[PlyCount "113"]

1. e4 e5 2. Nf3 Nc6 3. Nc3 Nf6 4. Nxe5 Nxe5 5. d4 Ng6 6. e5 Ng8 7. Bc4 f5 8.
Qh5 d6 9. Bf4 c6 10. exd6 Bxd6 11. Bxg8 Rxg8 12. Bg5 Be7 13. Be3 Bb4 14. Qxh7
Kf7 15. Qh5 Qh4 16. Qxh4 Nxh4 17. O-O Bxc3 18. bxc3 Be6 19. Bg5 Ng6 20. Rab1 b5
21. a3 Bd5 22. Rfe1 Rae8 23. f3 Rxe1+ 24. Rxe1 Re8 25. Rxe8 Kxe8 26. Kf2 Kf7
27. Ke3 Ke6 28. h4 Nf8 29. h5 Nd7 30. h6 gxh6 31. Bxh6 Nb6 32. Bf8 Nc4+ 33. Kf4
a5 34. g4 fxg4 35. fxg4 Nd2 36. g5 Ne4 37. g6 Kf6 38. g7 Ng5 39. Be7+ Kxe7 40.
Kxg5 Bg8 41. Kg6 Ke6 42. c4 b4 43. a4 Ke7 44. d5 cxd5 45. cxd5 Kd6 46. Kf6 Bxd5
47. Kg6 Bg8 48. Kf5 Kd5 49. Kf6 Kd4 50. Ke7 Kc3 51. Kf8 Bc4 52. Ke7 Kxc2 53.
Kf8 b3 54. g8=Q Bxg8 55. Kxg8 b2 56. Kf8 b1=Q 57. Ke8 0-1

[Event "?"]
[Site "ICS Rated blitz match, 192.23"]
[Date "1997.??.??"]
[Round "?"]
[White "Brause"]
[Black "humanoid"]
[Result "1/2-1/2"]
[WhiteElo "2475"]
[BlackElo "2395"]
[PlyCount "77"]

1. e4 e5 2. Nf3 Nc6 3. Nc3 Nf6 4. Nxe5 Nxe5 5. d4 Ng6 6. e5 Ng8 7. Bc4 f5 8.
Qh5 d6 9. Bf4 c6 10. Bg5 Be7 11. Be3 d5 12. Bd3 Bb4 13. Bxf5 Bxf5 14. Qxf5 N8e7
15. Qd3 O-O 16. O-O Qd7 17. Nd1 Qf5 18. Qb3 Ba5 19. Qxb7 Qxc2 20. Qa6 Bb6 21.
Rc1 Qf5 22. Nc3 Nf4 23. Qa3 Neg6 24. Qd6 Qg4 25. Bxf4 Nxf4 26. g3 Qf3 27. gxf4
Rxf4 28. Qe6+ Kh8 29. h3 Bxd4 30. Kh2 Bxf2 31. Rg1 Bxg1+ 32. Rxg1 Rd4 33. Rg2
Qf4+ 34. Kg1 Rf8 35. Qe7 Qf1+ 36. Kh2 Qf4+ 37. Kg1 Qc1+ 38. Kh2 Qf4+ 39. Kg1
1/2-1/2

[Event "?"]
[Site "ICS Rated blitz match, 192.23"]
[Date "1997.??.??"]
[Round "?"]
[White "Brause"]
[Black "humanoid"]
[Result "1-0"]
[WhiteElo "2455"]
[BlackElo "2415"]
[PlyCount "31"]

1. e4 e5 2. Nf3 Nc6 3. Nc3 Nf6 4. Nxe5 Nxe5 5. d4 Ng6 6. e5 Ng8 7. Bc4 f5 8.
Qh5 d6 9. g4 dxe5 10. dxe5 Qd4 11. Bxg8 Rxg8 12. Be3 Qxe5 13. O-O-O Kf7 14. Rd5
Qf6 15. gxf5 c6 16. Ne4 1-0

[Event "?"]
[Site "ICS Rated blitz match, 192.23"]
[Date "1997.??.??"]
[Round "?"]
[White "Brause"]
[Black "humanoid"]
[Result "1-0"]
[WhiteElo "2470"]
[BlackElo "2400"]
[PlyCount "31"]

1. e4 e5 2. Nf3 Nc6 3. Nc3 Nf6 4. Nxe5 Nxe5 5. d4 Ng6 6. e5 Ng8 7. Bc4 f5 8.
Qh5 d6 9. g4 dxe5 10. dxe5 Qd4 11. Bxg8 Rxg8 12. Be3 Qxe5 13. O-O-O c6 14. Rhe1
Kf7 15. Bd2 Qc5 16. b4 1-0

[Event "?"]
[Site "ICS Rated blitz match, 192.23"]
[Date "1997.??.??"]
[Round "?"]
[White "Brause"]
[Black "humanoid"]
[Result "1-0"]
[WhiteElo "2485"]
[BlackElo "2390"]
[PlyCount "37"]

1. e4 e5 2. Nf3 Nc6 3. Nc3 Nf6 4. Nxe5 Nxe5 5. d4 Ng6 6. e5 Ng8 7. Bc4 f5 8.
Qh5 d6 9. g4 dxe5 10. dxe5 Qd4 11. gxf5 Qxe5+ 12. Be3 Qxf5 13. Qe2 c6 14. O-O-O
Be7 15. Rhe1 Nf6 16. Bd3 Qe6 17. Bxg6+ hxg6 18. Bc5 Qxe2 19. Rxe2 1-0

[Event "?"]
[Site "ICS Rated blitz match, 192.23"]
[Date "1997.??.??"]
[Round "?"]
[White "Brause"]
[Black "humanoid"]
[Result "1-0"]
[WhiteElo "2495"]
[BlackElo "2375"]
[PlyCount "29"]

1. e4 e5 2. Nf3 Nc6 3. Nc3 Nf6 4. Nxe5 Nxe5 5. d4 Ng6 6. e5 Ng8 7. Bc4 f5 8.
Qh5 d6 9. g4 dxe5 10. dxe5 Qd4 11. gxf5 Qxe5+ 12. Be3 Bxf5 13. Bxg8 Rxg8 14.
O-O-O Bd6 15. Rd5 1-0

[Event "?"]
[Site "ICS Rated blitz match, 192.23"]
[Date "1997.??.??"]
[Round "?"]
[White "Brause"]
[Black "humanoid"]
[Result "1/2-1/2"]
[WhiteElo "2505"]
[BlackElo "2365"]
[PlyCount "143"]

1. e4 e5 2. Nf3 Nc6 3. Nc3 Nf6 4. Nxe5 Nxe5 5. d4 Ng6 6. e5 Ng8 7. Bc4 f5 8.
Qh5 d6 9. g4 dxe5 10. dxe5 Qd4 11. gxf5 Qxe5+ 12. Be3 Qxf5 13. Qe2 Bd6 14.
O-O-O Bd7 15. Bxa7+ N8e7 16. Bd4 O-O-O 17. Kb1 Rhe8 18. Bxg7 Nc6 19. Qd3 Qxd3
20. Bxd3 Nce5 21. Bf6 Nxd3 22. Rxd3 Be7 23. Bxe7 Rxe7 24. Rhd1 Rf8 25. R3d2 Bc6
26. b4 Ref7 27. b5 Bg2 28. Rg1 Rxf2 29. Rxg2 Rxg2 30. Rxg2 Rf4 31. Nd5 Rd4 32.
Nf6 Rh4 33. c3 b6 34. Kc2 Rh3 35. Kb3 Kb7 36. a3 Rh4 37. Kc2 Rh3 38. Nxh7 Rxh7
39. Rxg6 Rxh2+ 40. Kb3 Rh5 41. a4 Rh1 42. Rg4 Rb1+ 43. Kc4 Ra1 44. Kd5 Rd1+ 45.
Rd4 Rc1 46. Rc4 Rd1+ 47. Ke5 Rd3 48. Ke4 Rd1 49. Rd4 Rc1 50. Kd3 Rd1+ 51. Ke3
Rc1 52. Kd2 Ra1 53. Kc2 Ra2+ 54. Kd3 Ra1 55. Re4 Rd1+ 56. Ke3 Ra1 57. Kf4 Rd1
58. Rc4 Re1 59. Kf5 Re2 60. Re4 Rc2 61. c4 Ra2 62. c5 bxc5 63. Rc4 Kb6 64. Ke5
Rd2 65. Rf4 Ka5 66. Re4 Rd4 67. Rxd4 cxd4 68. Kxd4 Kxa4 69. Kc4 Ka5 70. Kc5 Ka4
71. b6 cxb6+ 72. Kxb6 1/2-1/2

[Event "?"]
[Site "ICS Rated blitz match, 192.23"]
[Date "1997.??.??"]
[Round "?"]
[White "Brause"]
[Black "humanoid"]
[Result "0-1"]
[WhiteElo "2500"]
[BlackElo "2370"]
[PlyCount "172"]

1. e4 e5 2. Nf3 Nc6 3. Nc3 Nf6 4. Nxe5 Nxe5 5. d4 Ng6 6. e5 Ng8 7. Bc4 f5 8.
Qh5 d6 9. g4 dxe5 10. dxe5 Qd4 11. gxf5 Qxe5+ 12. Be3 Qxf5 13. Qe2 Bd6 14.
O-O-O Bd7 15. Bxa7+ N8e7 16. Bd4 O-O-O 17. Kb1 Nf4 18. Qe3 Ne6 19. Bxe6 Qxe6
20. Bxg7 Qxe3 21. fxe3 Rhg8 22. Bf6 Rde8 23. e4 Nc6 24. Rd2 Be5 25. Bxe5 Nxe5
26. a3 Be6 27. Rhd1 Rd8 28. b3 Rxd2 29. Rxd2 Rd8 30. Rg2 Rg8 31. Rd2 h5 32. Kb2
h4 33. Nd1 h3 34. Ne3 Ng4 35. Nf1 Rf8 36. Ng3 Rf2 37. Rxf2 Nxf2 38. Kc3 Bg4 39.
e5 Bf3 40. Kd4 Ng4 41. Nh5 Nxh2 42. Nf4 Bg4 43. Ke4 Kd7 44. Nd3 Nf1 45. Nf2 h2
46. b4 b5 47. Nh1 Ke6 48. Nf2 Bd1 49. Kd4 Bxc2 50. Kc5 Ba4 51. Kd4 Kf5 52. Kc5
Kxe5 53. Ng4+ Kf4 54. Nxh2 Nxh2 55. Kc6 Ke4 56. Kxc7 Kd4 57. Kd6 Kc4 58. Ke6
Nf3 59. Kf5 Nd4+ 60. Ke5 Nc2 61. Ke4 Nxa3 62. Ke5 Nc2 63. Ke4 Nxb4 64. Kf3 Bc2
65. Ke2 Kc3 66. Kf3 Kd4 67. Ke2 Bd3+ 68. Kd2 Nd5 69. Kd1 Kc3 70. Ke1 Nf6 71.
Kf2 Kd4 72. Ke1 Ke3 73. Kd1 b4 74. Kc1 Nd5 75. Kb2 Bc4 76. Kc1 b3 77. Kd1 Kd3
78. Ke1 b2 79. Kf2 b1=Q 80. Kf3 Qf1+ 81. Kg4 Ke4 82. Kg5 Qg2+ 83. Kh6 Kf5 84.
Kh7 Qg3 85. Kh8 Kf6 86. Kh7 Qg7# 0-1

[Event "?"]
[Site "ICS Rated blitz match, 192.23"]
[Date "1997.??.??"]
[Round "?"]
[White "Brause"]
[Black "humanoid"]
[Result "1/2-1/2"]
[WhiteElo "2500"]
[BlackElo "2370"]
[PlyCount "146"]

1. e4 e5 2. Nf3 Nc6 3. Nc3 Nf6 4. Nxe5 Nxe5 5. d4 Ng6 6. e5 Ng8 7. Bc4 f5 8.
Qh5 d6 9. g4 dxe5 10. dxe5 Qd4 11. gxf5 Qxc4 12. fxg6 Qg4 13. Qxg4 Bxg4 14. Nb5
O-O-O 15. Nxa7+ Kb8 16. Be3 hxg6 17. a4 Ne7 18. Nb5 Nd5 19. Ba7+ Kc8 20. O-O
Nf4 21. Rfe1 Be7 22. Re4 g5 23. Be3 Bf5 24. Rc4 c6 25. Nd4 g6 26. Bxf4 gxf4 27.
Nxf5 gxf5 28. Rxf4 Rdg8+ 29. Kh1 Rg5 30. Rg1 Rhg8 31. Rxg5 Rxg5 32. h3 Kd7 33.
Rd4+ Kc7 34. c3 Bc5 35. Rd2 f4 36. b4 Ba7 37. e6 Re5 38. Rd7+ Kc8 39. Rf7 Rxe6
40. Rxf4 Bb8 41. Rf8+ Kc7 42. a5 Ba7 43. Rf7+ Kc8 44. a6 Bxf2 45. axb7+ Kb8 46.
Rxf2 Re3 47. Kg2 Rxc3 48. Rf7 Rc4 49. Kg3 Rxb4 50. h4 Rb1 51. h5 Rh1 52. Rh7 c5
53. Kg2 Rh4 54. Kg3 Rh1 55. Kg4 c4 56. Rf7 c3 57. Rf2 Kxb7 58. Rc2 Rg1+ 59. Kf5
Rh1 60. Kg6 Rg1+ 61. Kh7 Rg3 62. h6 Kb6 63. Kh8 Kb5 64. h7 Kb4 65. Rc1 Kb3 66.
Rf1 c2 67. Re1 Kb2 68. Re2 Rg6 69. Rf2 Kb1 70. Rf1+ Kb2 71. Rf2 Rg3 72. Rf1
c1=Q 73. Rxc1 Kxc1 1/2-1/2

[Event "?"]
[Site "ICS Rated blitz match, 192.23"]
[Date "1997.??.??"]
[Round "?"]
[White "Brause"]
[Black "humanoid"]
[Result "0-1"]
[WhiteElo "2495"]
[BlackElo "2375"]
[PlyCount "130"]

1. e4 e5 2. Nf3 Nc6 3. Nc3 Nf6 4. Nxe5 Nxe5 5. d4 Ng6 6. e5 Ng8 7. Bc4 f5 8.
Qh5 d6 9. g4 dxe5 10. dxe5 Qd4 11. gxf5 Qxc4 12. fxg6 Qg4 13. Qxg4 Bxg4 14.
gxh7 Rxh7 15. Nb5 O-O-O 16. Be3 a6 17. Nd4 Ne7 18. f3 Nf5 19. Nxf5 Bxf5 20. c3
Be7 21. O-O Rdh8 22. Rf2 Rh5 23. Rg2 g5 24. Rd1 Rg8 25. f4 g4 26. Rgd2 g3 27.
hxg3 Be4 28. Kf2 Rh2+ 29. Ke1 Rxd2 30. Kxd2 Rxg3 31. Rg1 Rxg1 32. Bxg1 Kd7 33.
Bd4 Ke6 34. Bg1 Kf5 35. Bh2 Bc5 36. a4 a5 37. Ke2 b6 38. Kd2 Bf2 39. b4 Bc6 40.
b5 Bd5 41. Ke2 Bc5 42. Kd3 Bb3 43. c4 Bxa4 44. Kd2 Bb4+ 45. Kd3 Bd1 46. Bg3 Bf8
47. Bh4 Bc5 48. Bd8 Bg4 49. Kc3 Kxf4 50. Bxc7 Ke4 51. Bd8 Be6 52. Bf6 Bd4+ 53.
Kb3 Bxe5 54. Bd8 Bd4 55. Bc7 Kd3 56. Ka4 Bxc4 57. Bd8 Kc2 58. Bxb6 Bxb6 59. Ka3
Bxb5 60. Ka2 Bc5 61. Ka1 a4 62. Ka2 Bb4 63. Ka1 Bc6 64. Ka2 Bd5+ 65. Ka1 Bc3#
0-1

[Event "?"]
[Site "ICS Rated blitz match, 192.23"]
[Date "1997.??.??"]
[Round "?"]
[White "Brause"]
[Black "humanoid"]
[Result "0-1"]
[WhiteElo "2475"]
[BlackElo "2400"]
[PlyCount "120"]

1. e4 e5 2. Nf3 Nc6 3. Nc3 Nf6 4. Nxe5 Nxe5 5. d4 Ng6 6. e5 Ng8 7. Bc4 f5 8.
Qh5 d6 9. g4 dxe5 10. dxe5 Qd4 11. gxf5 Qxc4 12. fxg6 Qg4 13. Qxg4 Bxg4 14.
gxh7 Rxh7 15. Bg5 Be7 16. Nd5 Rc8 17. Bf4 Bf3 18. Nxe7 Nxe7 19. O-O Nf5 20. c3
Bc6 21. Bg5 Nh4 22. Bxh4 Rxh4 23. f3 Ke7 24. Rae1 Rf8 25. Re3 Rf5 26. Rf2 Rhh5
27. f4 g5 28. fxg5 Rhxg5+ 29. Rg3 Rxe5 30. Rf4 Rxg3+ 31. hxg3 Re2 32. Rf2 Rxf2
33. Kxf2 Kf6 34. c4 Kf5 35. Ke3 Kg4 36. Kf2 Bh1 37. b4 a6 38. Kg1 Kxg3 39. Kxh1
Kf3 40. Kh2 Ke3 41. c5 Kd4 42. Kg3 Kc4 43. a3 Kb3 44. Kf4 Kxa3 45. Ke5 Kxb4 46.
Kd4 a5 47. c6 bxc6 48. Kd3 Kb3 49. Kd4 a4 50. Kc5 a3 51. Kxc6 a2 52. Kd5 a1=Q
53. Ke4 Qf6 54. Ke3 Qf5 55. Ke2 Kc3 56. Ke3 c5 57. Ke2 Qf4 58. Ke1 Qh2 59. Kf1
Kd3 60. Ke1 Qe2# 0-1

[Event "?"]
[Site "ICS Rated blitz match, 192.23"]
[Date "1997.??.??"]
[Round "?"]
[White "Brause"]
[Black "humanoid"]
[Result "1/2-1/2"]
[WhiteElo "2455"]
[BlackElo "2415"]
[PlyCount "107"]

1. e4 e5 2. Nf3 Nc6 3. Nc3 Nf6 4. Nxe5 Nxe5 5. d4 Ng6 6. e5 Ng8 7. Bc4 f5 8.
Qh5 d6 9. g4 dxe5 10. dxe5 Qd4 11. gxf5 Qxc4 12. fxg6 Qg4 13. Qxg4 Bxg4 14. Rg1
Bf5 15. Nb5 O-O-O 16. gxh7 Rxh7 17. Nxa7+ Kb8 18. Be3 Rxh2 19. Rd1 Rxd1+ 20.
Kxd1 Ne7 21. Nb5 Nd5 22. Nd4 Ne7 23. Ke2 c5 24. Nf3 Rh8 25. Bxc5 Ng6 26. Bxf8
Rxf8 27. Nd4 Nxe5 28. Nxf5 Rxf5 29. Rxg7 Nc4 30. b3 Na3 31. c4 Nc2 32. Rd7 Nb4
33. a4 Na6 34. Ke3 Nc5 35. Rd1 Nxb3 36. Rb1 Na5 37. Rb4 Rc5 38. Kd3 Rf5 39. Rb5
Rxb5 40. axb5 b6 41. Kd4 Kc7 42. Kd5 Kd7 43. f3 Ke7 44. c5 bxc5 45. Kxc5 Kf6
46. b6 Nb7+ 47. Kc6 Na5+ 48. Kb5 Nb7 49. f4 Kf5 50. Kc6 Na5+ 51. Kb5 Nb7 52.
Kc6 Na5+ 53. Kb5 Nb7 54. Ka6 1/2-1/2

[Event "?"]
[Site "ICS Rated blitz match, 192.23"]
[Date "1997.??.??"]
[Round "?"]
[White "Brause"]
[Black "humanoid"]
[Result "1/2-1/2"]
[WhiteElo "2455"]
[BlackElo "2420"]
[PlyCount "114"]

1. e4 e5 2. Nf3 Nc6 3. Nc3 Nf6 4. Nxe5 Nxe5 5. d4 Ng6 6. e5 Ng8 7. Bc4 f5 8.
Qh5 d6 9. g4 dxe5 10. dxe5 Qd4 11. gxf5 Qxc4 12. fxg6 Qg4 13. Qxh7 Qh5 14. Qxh5
Rxh5 15. Bf4 Bc5 16. Nd5 Bb6 17. O-O-O Be6 18. Rhg1 Bxd5 19. Rxd5 Ne7 20. Rd2
Rd8 21. Rxd8+ Kxd8 22. e6 Ke8 23. Rg4 c6 24. Bg3 Rh6 25. Kd2 Rxg6 26. Rxg6 Nxg6
27. f4 Bc7 28. f5 Bxg3 29. hxg3 Ne5 30. b3 Ke7 31. Ke3 Kf6 32. Ke4 g6 33. e7
gxf5+ 34. Kd4 Nf3+ 35. Ke3 Kxe7 36. Kxf3 Kf6 37. b4 Ke5 38. Ke3 b6 39. a4 c5
40. bxc5 bxc5 41. a5 a6 42. Kf3 c4 43. c3 Kd5 44. Kf4 Ke6 45. g4 fxg4 46. Kxg4
Kd5 47. Kf5 Kc5 48. Ke4 Kb5 49. Kd4 Kxa5 50. Kxc4 Kb6 51. Kd3 a5 52. Kd4 a4 53.
c4 a3 54. c5+ Kc6 55. Kc3 a2 56. Kb2 a1=Q+ 57. Kxa1 Kxc5 1/2-1/2

[Event "?"]
[Site "ICS Rated blitz match, 192.23"]
[Date "1997.??.??"]
[Round "?"]
[White "Brause"]
[Black "oldtimer"]
[Result "0-1"]
[WhiteElo "2450"]
[BlackElo "2465"]
[PlyCount "66"]

1. e4 e5 2. Nf3 Nc6 3. Nc3 Nf6 4. Nxe5 Nxe5 5. d4 Ng6 6. e5 Ng8 7. Bc4 d5 8.
Bxd5 c6 9. Bf3 Bb4 10. O-O Bxc3 11. bxc3 Be6 12. Bh5 f5 13. exf6 Nxf6 14. Bg5
O-O 15. Bxg6 hxg6 16. Re1 Bc4 17. Qb1 Qb6 18. Qb4 Qxb4 19. cxb4 Rfe8 20. a3
Rxe1+ 21. Rxe1 Re8 22. Rxe8+ Nxe8 23. Bf4 Nf6 24. Be5 Nd5 25. g3 g5 26. h3 b5
27. Bb8 a6 28. f4 gxf4 29. Bxf4 Nxf4 30. gxf4 Kf7 31. Kf2 Kf6 32. Ke3 Kf5 33.
h4 Bd5 0-1

[Event "?"]
[Site "ICS Rated blitz match, 192.23"]
[Date "1997.??.??"]
[Round "?"]
[White "Brause"]
[Black "EGIS"]
[Result "1-0"]
[WhiteElo "2485"]
[BlackElo "2145"]
[PlyCount "25"]

1. e4 e5 2. Nf3 Nc6 3. Nc3 Nf6 4. Nxe5 Nxe5 5. d4 Nc6 6. d5 Nb4 7. a3 Na6 8. e5
Ng4 9. Qxg4 d6 10. e6 fxe6 11. dxe6 Qf6 12. Qa4+ Ke7 13. Nd5+ 1-0

[Event "?"]
[Site "ICS Rated blitz match, 192.23"]
[Date "1997.??.??"]
[Round "?"]
[White "Brause"]
[Black "EGIS"]
[Result "1-0"]
[WhiteElo "2485"]
[BlackElo "2140"]
[PlyCount "43"]

1. e4 e5 2. Nf3 Nc6 3. Nc3 Nf6 4. Nxe5 Nxe5 5. d4 Nxe4 6. Nxe4 Nc6 7. d5 Ne5 8.
Be2 Bb4+ 9. c3 Be7 10. d6 cxd6 11. Nxd6+ Bxd6 12. Qxd6 Qe7 13. Qxe7+ Kxe7 14.
O-O d6 15. Re1 Be6 16. Bg5+ f6 17. Be3 Kf7 18. Rad1 Rhd8 19. f4 Nc4 20. Bd4 b6
21. f5 Bd5 22. Bf2 1-0

[Event "?"]
[Site "ICS Rated blitz match, 192.23"]
[Date "1997.??.??"]
[Round "?"]
[White "Brause"]
[Black "EGIS"]
[Result "1-0"]
[WhiteElo "2490"]
[BlackElo "2135"]
[PlyCount "35"]

1. e4 e5 2. Nf3 Nc6 3. Nc3 Nf6 4. Nxe5 Nxe5 5. d4 Bb4 6. dxe5 Nxe4 7. Qg4 Nxc3
8. Qxb4 Nd5 9. Qg4 g6 10. Bc4 c6 11. O-O O-O 12. Bh6 Re8 13. Bxd5 cxd5 14. Qd4
Qe7 15. f4 Qe6 16. Rad1 d6 17. Rde1 Bd7 18. exd6 1-0

[Event "?"]
[Site "ICS Rated blitz match, 192.23"]
[Date "1997.??.??"]
[Round "?"]
[White "Brause"]
[Black "EGIS"]
[Result "1-0"]
[WhiteElo "2495"]
[BlackElo "2130"]
[PlyCount "35"]

1. e4 e5 2. Nf3 Nc6 3. Nc3 Nf6 4. Nxe5 Nxe5 5. d4 Ng6 6. e5 Ng8 7. Bc4 d6 8.
Qf3 f6 9. Qh5 fxe5 10. Bd3 N8e7 11. Bg5 exd4 12. Ne2 Be6 13. Bxg6+ hxg6 14.
Qxh8 Qd7 15. Nxd4 O-O-O 16. O-O Re8 17. Bxe7 Bxe7 18. Qxg7 1-0

[Event "?"]
[Site "ICS Rated blitz match, 192.23"]
[Date "1997.??.??"]
[Round "?"]
[White "Brause"]
[Black "EGIS"]
[Result "1-0"]
[WhiteElo "2500"]
[BlackElo "2125"]
[PlyCount "49"]

1. e4 e5 2. Nf3 Nc6 3. Nc3 Nf6 4. Nxe5 Nxe5 5. d4 d6 6. dxe5 dxe5 7. Qxd8+ Kxd8
8. Bg5 Be7 9. O-O-O+ Bd7 10. Bc4 Rf8 11. f3 c6 12. Rd2 Kc7 13. Rhd1 Rad8 14.
Be3 b6 15. a3 Bc8 16. Rxd8 Bxd8 17. Kd2 Nh5 18. b3 g6 19. Bh6 Re8 20. Bxf7 Re7
21. Bc4 Rd7+ 22. Bd3 Ba6 23. Ke3 Bxd3 24. Rxd3 Rxd3+ 25. Kxd3 1-0

[Event "?"]
[Site "ICS Rated blitz match, 192.23"]
[Date "1997.??.??"]
[Round "?"]
[White "Brause"]
[Black "EGIS"]
[Result "1-0"]
[WhiteElo "2505"]
[BlackElo "2120"]
[PlyCount "70"]

1. e4 e5 2. Nf3 Nf6 3. Nc3 Nc6 4. Nxe5 Nxe5 5. d4 Nc6 6. d5 Ne7 7. e5 Nexd5 8.
Nxd5 Nxd5 9. Qxd5 c6 10. Qd4 Qb6 11. Qxb6 axb6 12. Be3 Bc5 13. Bxc5 bxc5 14. f4
d5 15. exd6 Bf5 16. a3 O-O-O 17. O-O-O Rd7 18. Bc4 f6 19. Rhe1 Rhd8 20. Be6
Bxe6 21. Rxe6 b5 22. Rd2 Kb7 23. b3 Kb6 24. Kb2 c4 25. bxc4 bxc4 26. Kc3 Kc5
27. Re4 Rxd6 28. Rxc4+ Kb6 29. Rxd6 Rxd6 30. Rd4 Re6 31. Rd7 g6 32. Rxh7 Re2
33. g3 Re3+ 34. Kd2 Rxa3 35. Rg7 Ra7 1-0

[Event "?"]
[Site "ICS Rated blitz match, 192.23"]
[Date "1997.??.??"]
[Round "?"]
[White "Brause"]
[Black "Bonkers"]
[Result "1-0"]
[WhiteElo "2510"]
[BlackElo "2035"]
[PlyCount "37"]

1. e4 e5 2. Nf3 Nc6 3. Nc3 Nf6 4. Nxe5 Nxe5 5. d4 Nc6 6. d5 Ne5 7. f4 Ng6 8. e5
Ng8 9. d6 cxd6 10. exd6 a6 11. Qe2+ Be7 12. dxe7 N8xe7 13. f5 Nf8 14. Bg5 f6
15. Qh5+ Neg6 16. Bd2 Qe7+ 17. Be2 d5 18. Nxd5 Qe5 19. fxg6 1-0

[Event "?"]
[Site "ICS Rated blitz match, 192.23"]
[Date "1997.??.??"]
[Round "?"]
[White "Brause"]
[Black "evbad"]
[Result "1/2-1/2"]
[WhiteElo "2535"]
[BlackElo "2340"]
[PlyCount "77"]

1. e4 e5 2. Nf3 Nc6 3. Nc3 Nf6 4. Nxe5 Nxe5 5. d4 Nc6 6. d5 Bb4 7. Bg5 h6 8.
Bf4 O-O 9. dxc6 Nxe4 10. Qd4 Bxc3+ 11. bxc3 bxc6 12. Bd3 d5 13. Bxe4 dxe4 14.
O-O Qxd4 15. cxd4 Rb8 16. Rab1 Be6 17. Bxc7 Rxb1 18. Rxb1 Bxa2 19. Ra1 Rc8 20.
Bf4 Bd5 21. Rxa7 c5 22. Ra5 Ra8 23. Rxa8+ Bxa8 24. dxc5 Kf8 25. Bd6+ Ke8 26.
Kf1 Bd5 27. Ke2 g6 28. Ke3 Kd7 29. c4 Bxc4 30. Kxe4 h5 31. Ke5 Kc6 32. Kd4 Ba2
33. f3 Bd5 34. Bf4 Be6 35. h4 Bf5 36. Be5 Be6 37. Bb8 Bf5 38. Bd6 Be6 39. Be7
1/2-1/2

[Event "?"]
[Site "ICS Rated blitz match, 192.23"]
[Date "1997.??.??"]
[Round "?"]
[White "Brause"]
[Black "Dorobanov"]
[Result "0-1"]
[WhiteElo "2525"]
[BlackElo "2405"]
[PlyCount "43"]

1. e4 e5 2. Nf3 Nc6 3. Nc3 Nf6 4. Nxe5 Nxe5 5. d4 Ng6 6. e5 Ng8 7. Bc4 d5 8.
Bxd5 c6 9. Bf3 Be6 10. O-O Qd7 11. Bg5 Be7 12. Be3 f5 13. g3 Bd8 14. b3 N8e7
15. Na4 Bb6 16. Nxb6 axb6 17. Qe1 b5 18. Qd2 O-O 19. Bh5 Nd5 20. Bxg6 hxg6 21.
Qc1 Nxe3 22. Qxe3 0-1

[Event "?"]
[Site "ICS Rated blitz match, 192.23"]
[Date "1997.??.??"]
[Round "?"]
[White "Brause"]
[Black "Dorobanov"]
[Result "1-0"]
[WhiteElo "2505"]
[BlackElo "2425"]
[PlyCount "79"]

1. e4 e5 2. Nf3 Nc6 3. Nc3 Nf6 4. Nxe5 Nxe5 5. d4 Ng6 6. e5 Ng8 7. Bc4 d5 8.
Nxd5 c6 9. Ne3 Be6 10. O-O Qd7 11. Bxe6 fxe6 12. Nc4 b5 13. Na5 N8e7 14. a4 a6
15. Nb3 Nd5 16. axb5 cxb5 17. Bg5 Be7 18. Bxe7 Qxe7 19. Nc5 Nc7 20. Qe2 O-O 21.
g3 Rfd8 22. c3 Nf8 23. Rae1 Nd7 24. Nb7 Rf8 25. Nd6 Ne8 26. Ne4 Nb6 27. Nc5 Nd7
28. Qe4 Ra7 29. Nd3 Nb6 30. Nb4 Qb7 31. Qxb7 Rxb7 32. Nxa6 Nc4 33. Re2 Nc7 34.
Nc5 Rb6 35. b3 Na5 36. Ra2 Nb7 37. Nd7 Ra6 38. Rxa6 Nxa6 39. Nxf8 Kxf8 40. Ra1
1-0

[Event "?"]
[Site "ICS Rated blitz match, 192.23"]
[Date "1997.??.??"]
[Round "?"]
[White "Brause"]
[Black "Kiriakos"]
[Result "1-0"]
[WhiteElo "2515"]
[BlackElo "2135"]
[PlyCount "77"]

1. e4 e5 2. Nf3 Nc6 3. Nc3 Nf6 4. Nxe5 Nxe5 5. d4 Ng6 6. e5 Be7 7. exf6 Bxf6 8.
Bc4 O-O 9. O-O c6 10. Be3 d5 11. Bd3 Be6 12. b3 Qd7 13. Re1 Bf5 14. Na4 b6 15.
Nc3 Rfe8 16. Qd2 Bxd3 17. Qxd3 Nh4 18. f3 Nf5 19. Bf2 g6 20. Rab1 h5 21. Rbd1
Rxe1+ 22. Rxe1 Re8 23. Rxe8+ Qxe8 24. Ne2 Bg5 25. a3 Be3 26. g4 hxg4 27. fxg4
Bxf2+ 28. Kxf2 Ng7 29. Qg3 Qe4 30. Qb8+ Kh7 31. Qxa7 Qxc2 32. Qxb6 Ne6 33. Qb7
Kg7 34. Qb8 Qb2 35. a4 c5 36. Qe5+ Kg8 37. Qxd5 Nxd4 38. Qe5 Nxe2 39. Qxb2 1-0

[Event "?"]
[Site "ICS Rated blitz match, 192.23"]
[Date "1997.??.??"]
[Round "?"]
[White "Brause"]
[Black "Kiriakos"]
[Result "1-0"]
[WhiteElo "2530"]
[BlackElo "2125"]
[PlyCount "93"]

1. e4 e5 2. Nf3 Nc6 3. Nc3 Nf6 4. Nxe5 Nxe5 5. d4 Ng6 6. e5 Be7 7. exf6 Bxf6 8.
Bc4 O-O 9. O-O c6 10. d5 d6 11. Bd2 Bf5 12. dxc6 bxc6 13. Qf3 Qd7 14. Bd3 Bxd3
15. Qxd3 d5 16. Rae1 Rfe8 17. b4 Ne5 18. Qg3 Nc4 19. Bg5 Bxg5 20. Qxg5 h6 21.
Qf4 Rxe1 22. Rxe1 Re8 23. Rb1 Na3 24. Rc1 Nxc2 25. h4 Re1+ 26. Rxe1 Nxe1 27.
Qd2 d4 28. Qxe1 dxc3 29. Qxc3 Qd1+ 30. Kh2 Qe2 31. Kg3 Qe6 32. a3 Qd6+ 33. f4
g5 34. Qe3 a6 35. hxg5 hxg5 36. Qe8+ Kg7 37. Qe5+ Qxe5 38. fxe5 f6 39. Kg4 Kg6
40. exf6 Kxf6 41. Kh5 Kf5 42. g4+ Kf4 43. a4 a5 44. bxa5 c5 45. a6 c4 46. a7 c3
47. a8=Q 1-0

[Event "?"]
[Site "ICS Rated blitz match, 192.23"]
[Date "1997.??.??"]
[Round "?"]
[White "Brause"]
[Black "Kiriakos"]
[Result "1-0"]
[WhiteElo "2505"]
[BlackElo "2150"]
[PlyCount "53"]

1. e4 e5 2. Nf3 Nc6 3. Nc3 Nf6 4. Nxe5 Nxe5 5. d4 Ng6 6. e5 Be7 7. exf6 Bxf6 8.
Bc4 O-O 9. O-O c6 10. d5 d6 11. Bd2 Bf5 12. dxc6 bxc6 13. Qf3 Qd7 14. Bd3 Bxd3
15. Qxd3 d5 16. Rae1 Rfe8 17. Qf3 Ne5 18. Qf4 Nc4 19. Rxe8+ Rxe8 20. Bc1 Bxc3
21. bxc3 h6 22. Qg3 Re6 23. Rd1 Qe7 24. Qb8+ Kh7 25. Kf1 Re2 26. Qf4 Rxc2 27.
Qf5+ 1-0

[Event "?"]
[Site "ICS Rated blitz match, 192.23"]
[Date "1997.??.??"]
[Round "?"]
[White "Brause"]
[Black "Kiriakos"]
[Result "1-0"]
[WhiteElo "2510"]
[BlackElo "2145"]
[PlyCount "81"]

1. e4 e5 2. Nf3 Nc6 3. Nc3 Nf6 4. Nxe5 Nxe5 5. d4 Ng6 6. e5 Be7 7. exf6 Bxf6 8.
Bc4 O-O 9. O-O c6 10. d5 d6 11. Bd2 Bf5 12. dxc6 bxc6 13. Qf3 Qd7 14. Bd3 Bxd3
15. Qxd3 d5 16. Rae1 Rfe8 17. Qf3 Ne5 18. Qf4 Nc4 19. Rxe8+ Rxe8 20. Bc1 Bxc3
21. bxc3 h6 22. Qg3 Re6 23. Rd1 Rg6 24. Qb8+ Kh7 25. Qf4 Re6 26. Qf3 Qe7 27.
Kf1 g6 28. Qh3 h5 29. g4 h4 30. g5 Re4 31. f3 Ne3+ 32. Bxe3 Rxe3 33. Qxh4+ Kg8
34. Qf4 Rxc3 35. Re1 Qf8 36. Re2 Rc5 37. Qd4 Ra5 38. Qf6 Rxa2 39. Qxc6 Ra1+ 40.
Kg2 Rb1 41. Re8 1-0

[Event "?"]
[Site "ICS Rated blitz match, 192.23"]
[Date "1997.??.??"]
[Round "?"]
[White "Brause"]
[Black "oldtimer"]
[Result "1-0"]
[WhiteElo "2540"]
[BlackElo "2610"]
[PlyCount "72"]

1. e4 e5 2. Nf3 Nc6 3. Nc3 Nf6 4. Nxe5 Nxe5 5. d4 Ng6 6. e5 Ng8 7. Bc4 d5 8.
Nxd5 N8e7 9. Ne3 c6 10. O-O Nd5 11. Nxd5 cxd5 12. Bb3 Be7 13. Qd3 a6 14. f4 f5
15. c4 Be6 16. Rd1 O-O 17. cxd5 Bxd5 18. Qf3 Bxb3 19. Qxb3+ Kh8 20. Qxb7 Bc5
21. Be3 Bb6 22. Rac1 Ne7 23. g3 Ra7 24. Qf3 Rd7 25. Rc4 Nd5 26. Bf2 Qe7 27. Ra4
a5 28. Rc4 Qe6 29. Rdc1 Rc7 30. Rxc7 Bxc7 31. Rc5 Rd8 32. Qb3 h5 33. Qd1 g6 34.
Qa4 Qd7 35. Qxd7 Rxd7 36. e6 Re7 1-0